Fast typing - "Obsolete" - Statistics

General Stats
  • This quiz has been taken 7 times
  • The average score is 7 of 12
Answer Stats
Hint Answer % Correct
although in the past he was reasonably handy although in the past he was reasonably handy
100%
Obsolete is absolutely useless Obsolete is absolutely useless
100%
his colors are fading his colors are fading
80%
sits in the corner collecting dust sits in the corner collecting dust
80%
so now he gets passed over so now he gets passed over
80%
time—it kept on ticking and he just never bothered to adapt time—it kept on ticking and he just never bothered to adapt
80%
but don't feel too bad for obsolete but don't feel too bad for obsolete
60%
his chrome has started to rust his chrome has started to rust
60%
eventually he'll become an antique eventually he'll become an antique
40%
as long as he keeps hanging on as long as he keeps hanging on
20%
[obsolete: no longer useful; outmoded] [obsolete: no longer useful; outmoded]
20%
his future is not completely bleak his future is not completely bleak
20%
No matching quizzes found
Score Distribution
Percent of People with Each Score
Percentile by Number Answered
Your Score History
You have not taken this quiz